01227nam a2200193Ia 4500001001000000003001000010008004100020040002500061041002500086100001300111245012200124250001100246260009100257300001300348500026200361501011400623520026200737650003400999L235-9015IT-CnALBA170116s9999||||xx |||||||||||||| ||und|| aIT-CnALBAcIT-CnALBA aLATINO - MULTILINGUE aAGENNEN. 0aBEATIFICATIONIS ET CANONIZATIONIS SERVAE DEI ADELAIDIS DE BATZ DE TRENQUELLEON. 1789-1828. - POSITIO SUPER VIRTUTIBU  a1a ed. a ROMAbGUERRA GUERRIERO TIPOG. PERUGIA c1983 [1° Ed.:1983 - Ed.Ling.Originale: 1983] a1200 p.  aESAME SULLE VIRTÙ. INFORMAZIONE. CONGREGAZIONE PER LE CAUSE DEI SANTI. FONDATRICE DELLE FIGLIE DI MARIA IMMACOLATA. RELAZIONE DEL CARDINAL PREFETTO. ESAME DEGLI SCRITTI. DESIDERIO DEL PROMOTORE DELLA FEDE. CAUSA DI BEATIFICAZIONE E CANONIZZAZIONE DELLA SE aSocietà San Paolo EM - Piazza San Paolo, 14 - 12051 ALBA (CN) (non commercial uses only) ® Copyright 2017 aESAME SULLE VIRTÙ. INFORMAZIONE. CONGREGAZIONE PER LE CAUSE DEI SANTI. FONDATRICE DELLE FIGLIE DI MARIA IMMACOLATA. RELAZIONE DEL CARDINAL PREFETTO. ESAME DEGLI SCRITTI. DESIDERIO DEL PROMOTORE DELLA FEDE. CAUSA DI BEATIFICAZIONE E CANONIZZAZIONE DELLA SE aMARIA SS. ANGELI SANTI DEMONI